000 00273nam a2200121Ia 4500
008 190216s9999||||xx |||||||||||||| ||und||
100 _aManasi Karkare
245 0 _aHindi-Pashu-Pakshiyom Ke Kathayem
260 _bKarthik
300 _a96
650 _aHindi
942 _cBK
999 _c16365
_d16365